000 nam a22 a 4500
999 _c3011
_d3011
003 AKMAL
005 20170519090411.0
008 170519t19931997si a e 000 0 eng d
020 _a997164309X
_qpaperback
039 9 _a201406200928
_bmarsila
_c201406171042
_dnorizan
_c201406171042
_dnorizan
_c201406171040
_dnorizan
040 _aAKMAL
_beng
_cAKMAL
082 0 4 _a658 ZIG
_223
090 2 0 _a658
_bZIG
100 1 _aZiglar, Zig,
_eauthor.
_91448
245 1 0 _aSEE YOU AT THE TOP /
_cZIG ZIGLAR ; ILLUSTRATED BY AL MAYTON
264 1 _aSingapore :
_bHeinemann Asia,
_c1993
264 4 _c©1975
300 _a382 pages :
_billustrations ;
_c22 cm.
336 _atext
_2rdacontent
337 _aunmediated
_2rdamedia
338 _avolume
_2rdacarrier
490 1 _aProfessional improvement series
500 _aEarlier edition has title: Biscuits, fleas and pump handles
500 _aGift
650 1 0 _aSuccess
_92
650 2 0 _aExecutive ability
_91222
650 2 0 _aSelf-culture
_91052
830 0 _aProfessional improvement series
_96290
942 _2ddc
_cBOOK